000 00688nam a22002537a 4500
003 CHAP
005 20220329135151.0
008 971013s1969 r 00010 d
010 _a32001
011 _a32973
035 _a37088
040 _cCHAP
090 _aFolleto 5685
110 _aNew Zealand Forest Service. Wellington
_981038
245 1 _aFire for land clearing
260 _aWellington :
_bNZFS,
_c1969
300 _a27 p.
590 _aBATCH-UPD
_b10
_c20130110
_lUCH01
_h1922
590 _aCONVERSION
_b10
_c20130109
_lUCH01
_h1318
650 0 4 _aQuema controlada.
_993164
901 _aBK
942 _cFOLL
949 _aFolleto 5685
_bBC
_cFOLL
_d-85089
_eTS1
_i37088
_mD
_si
999 _c32001
_d32001